[Event "HUN-chT2 Erkel 1718"]
[Site "Hungary"]
[Date "2017.12.03"]
[Round "5.4"]
[White "Somodi, Balazs"]
[Black "Szekeres, Tibor"]
[Result "1-0"]
[WhiteElo "2086"]
[BlackElo "2007"]
[PlyCount "95"]
[EventDate "2017.09.24"]
[EventType "team-tourn"]
[EventRounds "11"]
[EventCountry "HUN"]
[SourceTitle "EXT 2021"]
[Source "ChessBase"]
[SourceDate "2020.10.23"]
[SourceVersion "1"]
[SourceVersionDate "2020.10.23"]
[SourceQuality "1"]
[WhiteTeam "Szada GSBE"]
[BlackTeam "Pestszentlorinc"]
[WhiteTeamCountry "HUN"]
[BlackTeamCountry "HUN"]

1. d4 Nf6 2. c4 c5 3. d5 b5 4. cxb5 a6 5. Nc3 axb5 6. Nxb5 Ba6 7. Nc3 g6 8. g3 d6 9. Nf3 Bg7 10. Bg2 0-0 11. 0-0 Nbd7 12. Re1 Ng4 13. h3 Nge5 14. Nxe5 Nxe5 15. Qc2 Qa5 16. Bg5 Ra7 17. Rac1 h6 18. Bf4 g5 19. Bxe5 Bxe5 20. b3 c4 21. Na4 Bb5 22. Nb2 Qxa2 23. Nxc4 Bg7 24. e4 Rb8 25. Re2 Qa6 26. Bf1 Rc8 27. f4 Bxc4 28. bxc4 Qb6+ 29. Kh2 Ra3 30. e5 gxf4 31. gxf4 Qd4 32. Re4 Qa7 33. Rb1 Ra2 34. Rb2 Rxb2 35. Qxb2 Rb8 36. Qg2 Qa1 37. Bd3 dxe5 38. fxe5 Kf8 39. Qg3 Rb3 40. e6 Rb2+ 41. Be2 f5 42. Qg6 Kg8 43. Qxf5 Qe1 44. Qf3 Qd2 45. h4 Qe1 46. d6 Bf6 47. dxe7 Bxe7 48. Qf7+ 1-0

[Event "HUN-chT 1415"]
[Site "Hungary"]
[Date "2014.11.16"]
[Round "2.1"]
[White "Somodi, Balazs"]
[Black "Papp, Petra"]
[Result "0-1"]
[WhiteElo "2105"]
[BlackElo "2257"]
[PlyCount "70"]
[EventDate "2014.10.12"]
[EventType "team-tourn"]
[EventRounds "9"]
[EventCountry "HUN"]
[SourceTitle "CBM 163 Extra"]
[Source "ChessBase"]
[SourceDate "2014.12.23"]
[SourceVersion "1"]
[SourceVersionDate "2014.12.23"]
[SourceQuality "1"]
[WhiteTeam "Szigetszentmiklos"]
[BlackTeam "Budapest Titanok"]
[WhiteTeamCountry "HUN"]
[BlackTeamCountry "HUN"]

1. d4 Nf6 2. c4 g6 3. Nc3 d5 4. Nf3 Bg7 5. g3 dxc4 6. Qa4+ Nfd7 7. Qxc4 Nb6 8. Qd3 0-0 9. Bg5 Nc6 10. Rd1 Bf5 11. Qd2 Nb4 12. e4 Bg4 13. Bg2 Nc6 14. Ne2 Qd6 15. e5 Qd7 16. h3 Bf5 17. Bh6 Rad8 18. h4 f6 19. h5 g5 20. Bxg7 Kxg7 21. Nc3 h6 22. exf6+ exf6 23. 0-0 Qf7 24. Rfe1 Qxh5 25. d5 Bg4 26. Re3 Nc4 27. Qe2 Nxe3 28. Qxe3 Rfe8 29. Ne4 Ne5 30. Nxe5 Bxd1 31. g4 Bxg4 32. Ng3 Qh4 33. Qc3 Rxe5 34. Bf3 Rde8 35. Be4 Rxe4 0-1

[Event "HUN-chT2 Maroczy 1314"]
[Site "Hungary"]
[Date "2014.02.02"]
[Round "6"]
[White "Somodi, Balazs"]
[Black "Gyurkovics, Miklos"]
[Result "0-1"]
[WhiteElo "2108"]
[BlackElo "2137"]
[PlyCount "38"]
[EventDate "2013.09.08"]
[EventType "team-tourn"]
[EventRounds "11"]
[EventCountry "HUN"]
[SourceTitle "EXT 2016"]
[Source "ChessBase"]
[SourceDate "2015.10.08"]
[SourceVersion "1"]
[SourceVersionDate "2015.10.08"]
[SourceQuality "1"]
[WhiteTeam "Szigetszentmiklos"]
[BlackTeam "Budapest Vasas"]
[WhiteTeamCountry "HUN"]
[BlackTeamCountry "HUN"]

1. d4 d6 2. c4 g6 3. Nc3 Bg7 4. e4 Nc6 5. d5 Nd4 6. Nge2 c5 7. dxc6 Nxc6 8. g3 Nf6 9. Bg2 Bd7 10. 0-0 h5 11. Bg5 Ne5 12. b3 Nh7 13. Bd2 h4 14. f4 h3 15. Bf3 Qb6+ 16. Kh1 Nxf3 17. Rxf3 Bg4 18. Rf1 Bxc3 19. Bxc3 Qe3 0-1

[Event "HUN-chT2 Maroczy 0708"]
[Site "Hungary"]
[Date "2008.04.27"]
[Round "10"]
[White "Somodi, Balazs"]
[Black "Miklosi, Attila"]
[Result "1/2-1/2"]
[WhiteElo "2116"]
[BlackElo "2101"]
[PlyCount "38"]
[EventDate "2007.10.14"]
[EventType "team"]
[EventRounds "11"]
[EventCountry "HUN"]
[SourceTitle "EXT 2009"]
[Source "ChessBase"]
[SourceDate "2008.11.26"]
[SourceVersion "1"]
[SourceVersionDate "2008.11.26"]
[SourceQuality "1"]
[WhiteTeam "Sarospatak"]
[BlackTeam "Hajduboszormeny"]
[WhiteTeamCountry "HUN"]
[BlackTeamCountry "HUN"]

1. d4 Nf6 2. c4 g6 3. Nc3 d5 4. Bf4 Bg7 5. Nf3 0-0 6. Rc1 c6 7. e3 Bf5 8. Qb3 b6 9. Ne5 Be6 10. Be2 dxc4 11. Bxc4 Bxc4 12. Qxc4 b5 13. Qe2 Nh5 14. Qf3 Nxf4 15. Qxf4 Qd6 16. 0-0 Nd7 17. Ne4 Bxe5 18. dxe5 Qxe5 19. Rxc6 Qxf4 1/2-1/2

[Event "HUN-chT2 Maroczy 0708"]
[Site "Hungary"]
[Date "2007.11.25"]
[Round "3"]
[White "Somodi, Balazs"]
[Black "Katona, Jozsef"]
[Result "1/2-1/2"]
[WhiteElo "2116"]
[BlackElo "2065"]
[PlyCount "46"]
[EventDate "2007.10.14"]
[EventType "team"]
[EventRounds "11"]
[EventCountry "HUN"]
[SourceTitle "EXT 2009"]
[Source "ChessBase"]
[SourceDate "2008.11.26"]
[SourceVersion "1"]
[SourceVersionDate "2008.11.26"]
[SourceQuality "1"]
[WhiteTeam "Sarospatak"]
[BlackTeam "Oroshaza"]
[WhiteTeamCountry "HUN"]
[BlackTeamCountry "HUN"]

1. d4 Nf6 2. c4 c5 3. d5 b5 4. f3 g6 5. e4 d6 6. cxb5 a6 7. Nc3 Bg7 8. bxa6 Bxa6 9. Bxa6 Rxa6 10. Nge2 0-0 11. Be3 Nbd7 12. Qd2 Qa8 13. Bh6 Rb8 14. Bxg7 Kxg7 15. 0-0 Qb7 16. Rfb1 Rba8 17. Nf4 Qb4 18. Kh1 c4 19. Qd4 Rb8 20. b3 cxb3 21. Qxb4 Rxb4 22. axb3 Rxa1 23. Rxa1 Rxb3 1/2-1/2

[Event "HUN-chT2 Maroczy 0607"]
[Site "Hungary"]
[Date "2007.03.04"]
[Round "6"]
[White "Foldi, Kristof"]
[Black "Somodi, Balazs"]
[Result "1/2-1/2"]
[WhiteElo "1963"]
[BlackElo "2121"]
[PlyCount "83"]
[EventDate "2006.11.12"]
[EventType "team"]
[EventRounds "11"]
[EventCountry "HUN"]
[SourceTitle "EXT 2008"]
[Source "ChessBase"]
[SourceDate "2007.11.25"]
[SourceVersion "1"]
[SourceVersionDate "2007.11.25"]
[SourceQuality "1"]
[WhiteTeam "Matra"]
[BlackTeam "Sarospatak"]
[WhiteTeamCountry "HUN"]
[BlackTeamCountry "HUN"]

1. e4 c5 2. Nf3 d6 3. d4 cxd4 4. Nxd4 Nf6 5. Nc3 a6 6. Bg5 e6 7. f4 Qb6 8. Nb3 Nbd7 9. Be2 Be7 10. Qd2 0-0 11. 0-0-0 Qc7 12. Bf3 Rb8 13. Rhe1 b5 14. e5 b4 15. Nb1 dxe5 16. fxe5 Nxe5 17. Rxe5 Qxe5 18. Bf4 Qb5 19. Nd4 Qb6 20. Bxb8 Qxb8 21. Nc6 Qc7 22. Nxe7+ Qxe7 23. Qd6 Qxd6 24. Rxd6 a5 25. c3 e5 26. cxb4 axb4 27. Nd2 Bf5 28. b3 e4 29. Be2 Ra8 30. Nc4 Bg4 31. Rxf6 Bxe2 32. Rb6 Bxc4 33. bxc4 f5 34. Rxb4 Kf7 35. Kd2 g5 36. c5 Ke6 37. g4 Rc8 38. gxf5+ Kxf5 39. Rc4 Ke5 40. Ke3 Kd5 41. Rxe4 Rxc5 42. Rg4 1/2-1/2

[Event "HUN-chT2 Maroczy 0607"]
[Site "Hungary"]
[Date "2006.11.12"]
[Round "1"]
[White "Somodi, Balazs"]
[Black "Medvegyne Balogh, Emese"]
[Result "0-1"]
[WhiteElo "2121"]
[BlackElo "2133"]
[PlyCount "108"]
[EventDate "2006.11.12"]
[EventType "team"]
[EventRounds "11"]
[EventCountry "HUN"]
[SourceTitle "EXT 2008"]
[Source "ChessBase"]
[SourceDate "2007.11.25"]
[SourceVersion "1"]
[SourceVersionDate "2007.11.25"]
[SourceQuality "1"]
[WhiteTeam "Sarospatak"]
[BlackTeam "Dunaharaszti"]
[WhiteTeamCountry "HUN"]
[BlackTeamCountry "HUN"]

1. d4 d5 2. c4 c6 3. Nc3 Nf6 4. Nf3 e6 5. Bg5 Be7 6. e3 Nbd7 7. Bd3 dxc4 8. Bxc4 0-0 9. 0-0 b5 10. Bd3 a6 11. e4 h6 12. Bh4 c5 13. e5 Nd5 14. Bxe7 Nxe7 15. Qe2 Bb7 16. Ne4 cxd4 17. Nd6 Bd5 18. Nxd4 Qb6 19. Rfd1 Rad8 20. a4 Nxe5 21. Qxe5 Qxd6 22. Qxd6 Rxd6 23. axb5 axb5 24. Ra7 Bc4 25. Rxe7 Rfd8 26. Bxc4 bxc4 27. Kf1 Rxd4 28. Rxd4 Rxd4 29. Re8+ Kh7 30. Ke2 Kg6 31. g3 Kf6 32. f4 g6 33. Rc8 h5 34. Rc7 h4 35. Ke3 Rd3+ 36. Ke4 Rd2 37. Rxc4 Rxb2 38. g4 Rxh2 39. g5+ Kg7 40. Kf3 Rh3+ 41. Kg4 Rh1 42. Ra4 h3 43. Kg3 e5 44. fxe5 Rg1+ 45. Kxh3 Rxg5 46. Re4 Kf8 47. Kh4 Rf5 48. e6 Rh5+ 49. Kg3 f5 50. Re1 Ke7 51. Kf4 Rh4+ 52. Ke5 Ra4 53. Re2 Ra6 54. Kd5 Rd6+ 0-1

[Event "Eger Agria op"]
[Site "Eger"]
[Date "2005.07.30"]
[Round "7"]
[White "Pavel, Miklos"]
[Black "Somodi, Balazs"]
[Result "1-0"]
[WhiteElo "2217"]
[BlackElo "2115"]
[PlyCount "85"]
[EventDate "2005.07.18"]
[EventType "swiss"]
[EventRounds "9"]
[EventCountry "HUN"]
[SourceTitle "EXT 2008"]
[Source "ChessBase"]
[SourceDate "2007.11.25"]
[SourceVersion "1"]
[SourceVersionDate "2007.11.25"]
[SourceQuality "1"]

1. e4 c5 2. Nf3 d6 3. d4 cxd4 4. Nxd4 Nf6 5. Nc3 a6 6. Be2 e5 7. Nb3 Be6 8. f4 Qc7 9. 0-0 b5 10. Kh1 Nbd7 11. f5 Bc4 12. a3 Be7 13. Be3 Nb6 14. Bxb6 Qxb6 15. Nd2 Bxe2 16. Qxe2 0-0 17. Rfd1 Rfd8 18. Nf1 Qc6 19. Qd3 Rac8 20. Ne3 Bf8 21. Rd2 Qb7 22. Ncd5 Nxd5 23. Nxd5 Rc4 24. c3 Rdc8 25. Qe3 a5 26. Re1 b4 27. axb4 axb4 28. Nxb4 Ra8 29. Nd5 Ra2 30. b4 Rxd2 31. Qxd2 g6 32. f6 Rc8 33. Qd3 Ra8 34. b5 Ra2 35. Qc4 Qa7 36. b6 Ra1 37. Qf1 Rxe1 38. Qxe1 Qa6 39. Qb1 Qb7 40. Qb5 h5 41. Qe8 Qa6 42. Ne7+ Kh7 43. Qxf7+ 1-0

[Event "Eger Agria op"]
[Site "Eger"]
[Date "2005.07.28"]
[Round "5"]
[White "Bognar, Bence"]
[Black "Somodi, Balazs"]
[Result "0-1"]
[WhiteElo "2026"]
[BlackElo "2115"]
[PlyCount "79"]
[EventDate "2005.07.18"]
[EventType "swiss"]
[EventRounds "9"]
[EventCountry "HUN"]
[SourceTitle "EXT 2008"]
[Source "ChessBase"]
[SourceDate "2007.11.25"]
[SourceVersion "1"]
[SourceVersionDate "2007.11.25"]
[SourceQuality "1"]

1. e4 c5 2. c3 d6 3. Nf3 Nf6 4. e5 dxe5 5. Nxe5 Nbd7 6. Nxd7 Bxd7 7. d4 e6 8. Be3 Nd5 9. Bc4 Nxe3 10. fxe3 Qh4+ 11. Kd2 Rc8 12. Qe2 Be7 13. Bd3 cxd4 14. exd4 Bg5+ 15. Kc2 Qxd4 16. Nd2 Ba4+ 17. Nb3 Qb6 18. h4 Bf6 19. g4 Qb4 20. Rac1 Bxb3+ 21. axb3 Ke7 22. Bc4 Qc5 23. g5 Be5 24. Rce1 f6 25. Qg4 Qf2+ 26. Re2 Qf5+ 27. Qxf5 exf5 28. h5 Rc5 29. Rhe1 f4 30. Kd3 b5 31. gxf6+ gxf6 32. Bxb5 Rxb5 33. b4 Rg8 34. Ke4 Ke6 35. Kf3 Rg3+ 36. Kf2 Rd5 37. Ra1 Kf5 38. c4 Bd4+ 39. Ke1 Rg1+ 40. Kd2 0-1

[Event "HUN-chT2 Maroczy 0405"]
[Site "Hungary"]
[Date "2004.11.21"]
[Round "3"]
[White "Gyomber, Tamas"]
[Black "Somodi, Balazs"]
[Result "0-1"]
[WhiteElo "1949"]
[BlackElo "2091"]
[PlyCount "92"]
[EventDate "2004.09.26"]
[EventType "team"]
[EventRounds "11"]
[EventCountry "HUN"]
[SourceTitle "EXT 2008"]
[Source "ChessBase"]
[SourceDate "2007.11.25"]
[SourceVersion "1"]
[SourceVersionDate "2007.11.25"]
[SourceQuality "1"]
[WhiteTeam "BEAC II"]
[BlackTeam "Sarospatak"]
[WhiteTeamCountry "HUN"]
[BlackTeamCountry "HUN"]

1. d4 Nf6 2. c4 a6 3. e3 c5 4. Nf3 e6 5. Be2 d5 6. 0-0 Nc6 7. b3 Be7 8. Nc3 0-0 9. dxc5 dxc4 10. Bxc4 Bxc5 11. Bb2 b5 12. Be2 Bb7 13. Rc1 Qe7 14. Qc2 Rac8 15. Nd5 Nxd5 16. Qxc5 Qxc5 17. Rxc5 Ncb4 18. Rfc1 Nxa2 19. Rxc8 Rxc8 20. Rxc8+ Bxc8 21. Ne5 Nab4 22. Ba3 f6 23. Nd3 Nxd3 24. Bxd3 e5 25. Kf1 Be6 26. Ke1 b4 27. Bb2 Nc7 28. Bc2 Bd5 29. f3 Ne6 30. e4 Bb7 31. Bd3 Nc5 32. Bc4+ Kf8 33. Bc1 Ke7 34. Kd1 Kd6 35. Kc2 a5 36. Be3 Bc8 37. g4 g5 38. Bf2 h6 39. h3 Bd7 40. Be1 Be6 41. Bxe6 Nxe6 42. Bf2 Nd4+ 43. Bxd4 exd4 44. Kd3 a4 45. bxa4 b3 46. Kd2 Kc5 0-1

[Event "Goed op 1st"]
[Site "Goed"]
[Date "2004.07.27"]
[Round "1"]
[White "Werner, Dimo"]
[Black "Somodi, Balazs"]
[Result "1-0"]
[WhiteElo "2314"]
[BlackElo "2091"]
[PlyCount "131"]
[EventDate "2004.07.??"]
[EventType "swiss"]
[EventRounds "9"]
[EventCountry "HUN"]
[SourceTitle "EXT 2006"]
[Source "ChessBase"]
[SourceDate "2005.11.24"]
[SourceVersion "1"]
[SourceVersionDate "2005.11.24"]
[SourceQuality "1"]

1. e4 c5 2. Nf3 d6 3. c3 Nf6 4. Be2 Nc6 5. d3 g6 6. Nbd2 Bg7 7. 0-0 0-0 8. a3 Bd7 9. d4 cxd4 10. cxd4 Rc8 11. h3 h6 12. Re1 Qc7 13. Bf1 e5 14. d5 Ne7 15. Nc4 b5 16. Ncxe5 dxe5 17. d6 Qd8 18. dxe7 Qxe7 19. Bd2 Qe6 20. Bb4 Rfd8 21. Ba5 Re8 22. Rc1 a6 23. Rc3 Bc6 24. Nd2 Bb7 25. Qf3 Nd7 26. Rec1 Nb8 27. Rc7 Bc6 28. Qg4 Qxg4 29. hxg4 Rxc7 30. Bxc7 Bd7 31. f3 Nc6 32. Nb3 Bf8 33. Nc5 Bxc5+ 34. Rxc5 Rc8 35. Bd6 f6 36. a4 Nd4 37. Rxc8+ Bxc8 38. axb5 axb5 39. Bc5 Bd7 40. Kf2 Kf7 41. Ke3 Ne6 42. Bb6 Ke7 43. Kd3 Kd6 44. Kc3 Kc6 45. Be3 g5 46. Kb4 Nc7 47. Ka5 Be8 48. Bb6 h5 49. Bxc7 Kxc7 50. Bxb5 Bf7 51. gxh5 Bxh5 52. Be2 Be8 53. Bc4 Bd7 54. g4 Be8 55. b4 Bd7 56. b5 Be8 57. Ka6 Kb8 58. Kb6 Bd7 59. Bd5 Be8 60. Kc5 Bd7 61. Bc6 Be6 62. Kd6 Bc4 63. Ke7 Be2 64. Kxf6 Bxf3 65. Kxg5 Kc7 66. Kf6 1-0

[Event "Eger Agria op"]
[Site "Eger"]
[Date "2004.07.24"]
[Round "8"]
[White "Nohl, Hansjoerg"]
[Black "Somodi, Balazs"]
[Result "0-1"]
[WhiteElo "2133"]
[BlackElo "2091"]
[PlyCount "34"]
[EventDate "2004.07.17"]
[EventType "swiss"]
[EventRounds "9"]
[EventCountry "HUN"]
[SourceTitle "EXT 2008"]
[Source "ChessBase"]
[SourceDate "2007.11.25"]
[SourceVersion "1"]
[SourceVersionDate "2007.11.25"]
[SourceQuality "1"]

1. d4 Nf6 2. Nf3 c5 3. d5 b5 4. c4 e6 5. Bg5 Qa5+ 6. Bd2 Qb6 7. dxe6 fxe6 8. cxb5 a6 9. bxa6 Bxa6 10. Qc2 Be7 11. e3 Bxf1 12. Kxf1 0-0 13. g3 Qb7 14. Kg2 Ne4 15. Rf1 Rxf3 16. Kxf3 Nxd2+ 17. Ke2 Qb5+ 0-1

[Event "HUN-chT2 Maroczy 0304"]
[Site "Hungary"]
[Date "2003.12.07"]
[Round "5"]
[White "Somodi, Balazs"]
[Black "Gara, Peter"]
[Result "1/2-1/2"]
[WhiteElo "2172"]
[BlackElo "2223"]
[PlyCount "125"]
[EventDate "2003.09.28"]
[EventType "team"]
[EventRounds "11"]
[EventCountry "HUN"]
[SourceTitle "EXT 2005"]
[Source "ChessBase"]
[SourceDate "2004.11.15"]
[SourceVersion "1"]
[SourceVersionDate "2004.11.15"]
[SourceQuality "1"]

1. d4 d5 2. c4 e6 3. Nc3 c5 4. cxd5 exd5 5. Nf3 Nc6 6. g3 Nf6 7. Bg2 Be7 8. 0-0 0-0 9. b3 Ne4 10. Bb2 Bf6 11. e3 Bf5 12. Nxe4 Bxe4 13. Ne5 Bxg2 14. Nxc6 Qd7 15. Kxg2 Qxc6 16. Rc1 b6 17. Ba3 Be7 18. Qf3 Rac8 19. Rfd1 Rfd8 20. dxc5 bxc5 21. Bxc5 Bxc5 22. b4 Qb6 23. bxc5 Rxc5 24. Rxc5 Qxc5 25. Rd4 Rd6 26. Qd1 f5 27. Qa4 Kf8 28. Qb4 Qxb4 29. Rxb4 Rd7 30. Kf3 Kf7 31. Kf4 Kf6 32. h4 Rd6 33. Ra4 a6 34. Rb4 g6 35. a4 a5 36. Rb5 d4 37. e4 fxe4 38. Kxe4 d3 39. Rb1 d2 40. Rd1 g5 41. hxg5+ Kxg5 42. f3 Re6+ 43. Kd3 Rb6 44. Rxd2 Rb4 45. Ra2 h5 46. Ke3 Rc4 47. Kf2 h4 48. g4 Kf4 49. Kg2 h3+ 50. Kxh3 Kxf3 51. Ra1 Rxg4 52. Rf1+ Ke2 53. Kxg4 Kxf1 54. Kf3 Kg1 55. Ke4 Kf2 56. Kd4 Kf3 57. Kc4 Ke4 58. Kb5 Kd5 59. Kxa5 Kc6 60. Ka6 Kc7 61. Ka7 Kc8 62. a5 Kc7 63. a6 1/2-1/2

[Event "HUN-chT2 Maroczy 0304"]
[Site "Hungary"]
[Date "2003.10.05"]
[Round "2"]
[White "Somodi, Balazs"]
[Black "Ligart, Tamas"]
[Result "0-1"]
[WhiteElo "2172"]
[BlackElo "2243"]
[PlyCount "72"]
[EventDate "2003.09.28"]
[EventType "team"]
[EventRounds "11"]
[EventCountry "HUN"]
[SourceTitle "EXT 2005"]
[Source "ChessBase"]
[SourceDate "2004.11.15"]
[SourceVersion "1"]
[SourceVersionDate "2004.11.15"]
[SourceQuality "1"]

1. d4 d6 2. e4 c6 3. c4 g6 4. Nc3 Bg7 5. f3 a6 6. Be3 b5 7. Qd2 Nd7 8. Nh3 Qa5 9. Nf2 b4 10. Ncd1 c5 11. Be2 Ngf6 12. 0-0 0-0 13. d5 Rb8 14. Bh6 Qc7 15. Bxg7 Kxg7 16. Ne3 a5 17. f4 h5 18. Rad1 a4 19. f5 Ne5 20. g4 hxg4 21. Nexg4 Nfxg4 22. Nxg4 Nxg4 23. Bxg4 f6 24. Qg2 Rh8 25. fxg6 Bxg4 26. Qxg4 Rh6 27. Qe6 Rxg6+ 28. Kh1 Rg8 29. e5 dxe5 30. d6 Qb7+ 31. Rd5 exd6 32. Qxd6 Kh8 33. Qxc5 Qh7 34. Qf2 Qh3 35. Rd2 R8g7 36. Qc5 Qxf1+ 0-1

[Event "HUN-chT2 Maroczy 0304"]
[Site "Hungary"]
[Date "2003.09.28"]
[Round "1"]
[White "Somodi, Balazs"]
[Black "Szakolczai, Peter"]
[Result "1/2-1/2"]
[WhiteElo "2172"]
[BlackElo "2168"]
[PlyCount "119"]
[EventDate "2003.09.28"]
[EventType "team"]
[EventRounds "11"]
[EventCountry "HUN"]
[SourceTitle "EXT 2005"]
[Source "ChessBase"]
[SourceDate "2004.11.15"]
[SourceVersion "1"]
[SourceVersionDate "2004.11.15"]
[SourceQuality "1"]

1. d4 d5 2. c4 dxc4 3. e4 c5 4. d5 Nf6 5. Nc3 e6 6. Bxc4 exd5 7. Nxd5 Nxd5 8. Bxd5 Be7 9. Qb3 0-0 10. Bxb7 c4 11. Qb5 a6 12. Qxc4 Bxb7 13. Ne2 Nd7 14. 0-0 Rc8 15. Qd3 Nc5 16. Qxd8 Rfxd8 17. f3 Nd3 18. Be3 Rc2 19. Nd4 Rxb2 20. Rad1 Nb4 21. Nf5 Kf8 22. Rxd8+ Bxd8 23. Bd4 Rc2 24. Rb1 Nd3 25. g4 Rc1+ 26. Rxc1 Nxc1 27. Bxg7+ Kg8 28. a3 Bc8 29. Bh6 Bxf5 30. gxf5 Nd3 31. Kf1 Be7 32. Ke2 Nb2 33. e5 Bxa3 34. e6 f6 35. Ke3 Bc5+ 36. Ke4 Bf8 37. Bc1 Nc4 38. Kd5 Ne5 39. Bb2 a5 40. f4 Ng4 41. h3 Nh6 42. Bxf6 Nxf5 43. Ke5 Ne7 44. Kd6 Ng6+ 45. e7 Bxe7+ 46. Bxe7 Nxf4 47. Kc5 Kf7 48. Bh4 Nxh3 49. Bd8 a4 50. Kb4 Ke6 51. Kxa4 Kf5 52. Kb3 h5 53. Kc2 Ng5 54. Kd1 h4 55. Ke2 h3 56. Kf2 Ne4+ 57. Kg1 Kg4 58. Bc7 Nd2 59. Bb8 Nf3+ 60. Kf2 1/2-1/2

[Event "Fuzesabony op"]
[Site "Fuzesabony"]
[Date "2003.08.09"]
[Round "3"]
[White "Somodi, Balazs"]
[Black "Torok, Sandor"]
[Result "0-1"]
[WhiteElo "2172"]
[BlackElo "2290"]
[PlyCount "81"]
[EventDate "2003.08.08"]
[EventType "swiss"]
[EventRounds "6"]
[EventCountry "HUN"]
[SourceTitle "EXT 2005"]
[Source "ChessBase"]
[SourceDate "2004.11.15"]
[SourceVersion "1"]
[SourceVersionDate "2004.11.15"]
[SourceQuality "1"]

1. d4 Nf6 2. c4 g6 3. Nc3 d5 4. Bf4 Bg7 5. Nf3 0-0 6. Rc1 c5 7. dxc5 Be6 8. Nd4 Nc6 9. Nxc6 bxc6 10. e3 dxc4 11. Qxd8 Rfxd8 12. Be5 Nd7 13. Bxg7 Kxg7 14. Na4 Ne5 15. a3 Rd7 16. Rd1 Rxd1+ 17. Kxd1 Rd8+ 18. Kc1 Ng4 19. f3 Nxe3 20. Nc3 f6 21. g3 Bd5 22. Be2 e5 23. g4 f5 24. gxf5 gxf5 25. Nd1 Nxd1 26. Rxd1 Rb8 27. Rd2 Kf6 28. Rc2 Rg8 29. Bd1 f4 30. Kd2 h5 31. Kc3 a5 32. Rf2 h4 33. Be2 Rg1 34. Bf1 Kf5 35. Bh3+ Kf6 36. Bf1 Kf7 37. Kd2 Kf6 38. Kc3 Be6 39. Kd2 e4 40. fxe4 Ke5 41. Kc3 0-1

[Event "Fuzesabony op"]
[Site "Fuzesabony"]
[Date "2003.08.09"]
[Round "4"]
[White "Toth, Daniel"]
[Black "Somodi, Balazs"]
[Result "1/2-1/2"]
[WhiteElo "2114"]
[BlackElo "2172"]
[PlyCount "53"]
[EventDate "2003.08.08"]
[EventType "swiss"]
[EventRounds "6"]
[EventCountry "HUN"]
[SourceTitle "EXT 2005"]
[Source "ChessBase"]
[SourceDate "2004.11.15"]
[SourceVersion "1"]
[SourceVersionDate "2004.11.15"]
[SourceQuality "1"]

1. d4 d5 2. c4 c6 3. cxd5 cxd5 4. Nf3 Nf6 5. Nc3 Nc6 6. Bf4 Bg4 7. Ne5 Nxe5 8. dxe5 d4 9. exf6 dxc3 10. Qxd8+ Rxd8 11. fxe7 Bxe7 12. bxc3 0-0 13. Be5 Rd5 14. Bd4 Bb4 15. cxb4 Rxd4 16. a3 Rfd8 17. g3 Rd2 18. h3 Be6 19. Bg2 Bc4 20. Bf3 g6 21. 0-0 Bxe2 22. Bxe2 Rxe2 23. Rfd1 Rxd1+ 24. Rxd1 Ra2 25. Rd7 Rxa3 26. Rxb7 Kg7 27. b5 1/2-1/2

[Event "Szombathely Savaria op 3rd"]
[Site "Szombathely"]
[Date "2003.07.22"]
[Round "4"]
[White "Somodi, Balazs"]
[Black "Milanovic, Danilo"]
[Result "0-1"]
[WhiteElo "2172"]
[BlackElo "2451"]
[PlyCount "88"]
[EventDate "2003.07.19"]
[EventType "swiss"]
[EventRounds "9"]
[EventCountry "HUN"]
[SourceTitle "CBM 095 Extra"]
[Source "ChessBase"]
[SourceDate "2003.09.04"]
[SourceVersion "1"]
[SourceVersionDate "2003.09.04"]
[SourceQuality "1"]

1. d4 Nf6 2. c4 d6 3. Nc3 Bf5 4. f3 e5 5. dxe5 dxe5 6. Qxd8+ Kxd8 7. e4 Be6 8. b3 c6 9. Be3 Ba3 10. Rd1+ Kc7 11. Bd3 Na6 12. Nge2 Rad8 13. Kf2 Bc5 14. Bb1 Bxe3+ 15. Kxe3 Nc5 16. Nc1 a5 17. Nd3 Nfd7 18. Nxc5 Nxc5 19. Bc2 f6 20. Rxd8 Rxd8 21. Rd1 Ra8 22. a3 Bf7 23. a4 Na6 24. Rd2 Be6 25. Bd1 Re8 26. Bc2 Kb6 27. Ne2 Bc8 28. g3 Nc5 29. f4 exf4+ 30. gxf4 Bf5 31. Ng3 Bxe4 32. Nxe4 f5 33. Re2 Nxe4 34. Kf3 Kc5 35. Bxe4 Rxe4 36. Rxe4 fxe4+ 37. Kxe4 Kb4 38. f5 Kxb3 39. h4 Kxa4 40. h5 h6 41. Ke5 Kb3 42. Ke6 a4 43. Kf7 a3 44. Kxg7 a2 0-1

[Event "Szombathely Savaria op 3rd"]
[Site "Szombathely"]
[Date "2003.07.21"]
[Round "3"]
[White "Tamas, Milan"]
[Black "Somodi, Balazs"]
[Result "0-1"]
[WhiteElo "1992"]
[BlackElo "2172"]
[PlyCount "48"]
[EventDate "2003.07.19"]
[EventType "swiss"]
[EventRounds "9"]
[EventCountry "HUN"]
[SourceTitle "CBM 095 Extra"]
[Source "ChessBase"]
[SourceDate "2003.09.04"]
[SourceVersion "1"]
[SourceVersionDate "2003.09.04"]
[SourceQuality "1"]

1. e4 c5 2. Nf3 d6 3. d4 cxd4 4. Nxd4 Nf6 5. Nc3 a6 6. Bc4 e6 7. Bb3 Nbd7 8. Bg5 Nc5 9. Qf3 Be7 10. 0-0-0 0-0 11. Kb1 Bd7 12. g4 b5 13. Bxf6 Bxf6 14. h4 Qb6 15. Nce2 a5 16. a3 a4 17. Ba2 b4 18. Ng3 Rfb8 19. Bc4 Be5 20. Qe3 bxa3 21. Qxa3 Bxg3 22. fxg3 Nxe4 23. Ne2 d5 24. Bd3 Nf2 0-1